| Tag |
First Indicator |
Second Indicator |
Subfields |
| LEADER |
00000cam a2200000 a 4500 |
| 001 |
in00002652221 |
| 005 |
20211120161054.0 |
| 006 |
m d f |
| 007 |
cr mn||||||||| |
| 008 |
110128s2010 dcua obt f000 0 eng c |
| 035 |
|
|
|a (OCoLC)ocn698754335
|
| 040 |
|
|
|a NUI
|c NUI
|d GPO
|d MvI
|d UtOrBLW
|
| 042 |
|
|
|a pcc
|
| 043 |
|
|
|a n-us---
|
| 049 |
|
|
|a WWW
|
| 074 |
|
|
|a 0431-E-04 (online)
|
| 086 |
0 |
|
|a TD 4.210:10/18
|
| 090 |
|
|
|a RC1054.U5
|
| 245 |
0 |
0 |
|a U.S. airline transport pilot international flight language experiences.
|n Report 5,
|p Language experiences in native english-speaking airspace/airports /
|c O. Veronika Prinzo [and others].
|
| 246 |
3 |
|
|a Language experiences in native english-speaking airspace/airports
|
| 246 |
3 |
|
|a United States airline transport pilot international flight language experiences, report 5
|
| 264 |
|
1 |
|a Washington, D.C. :
|b Federal Aviation Administration, Office of Aerospace Medicine,
|c [2010]
|
| 300 |
|
|
|a 1 online resource (viii, 17 pages) :
|b illustrations
|
| 336 |
|
|
|a text
|b txt
|2 rdacontent
|
| 337 |
|
|
|a computer
|b c
|2 rdamedia
|
| 338 |
|
|
|a online resource
|b cr
|2 rdacarrier
|
| 500 |
|
|
|a "December 2010."
|
| 500 |
|
|
|a Title from title screen (viewed on Mar. 23, 2011).
|
| 500 |
|
|
|a "DOT/FAA/AM-10/18."
|
| 500 |
|
|
|a Cover title.
|
| 500 |
|
|
|a "This work was performed under Task AM-B-06-HRR-516."--Report documentation page.
|
| 504 |
|
|
|a Includes bibliographical references.
|
| 513 |
|
|
|a Final report.
|
| 536 |
|
|
|a Sponsored by Federal Aviation Administration, Office of Aerospace Medicine; performed by the Federal Aviation Administration, Civil Aerospace Medical Institute (CAMI), Capt. Alan Campbell, and HCS Consulting Services
|
| 500 |
|
|
|a Electronic resource.
|
| 650 |
|
0 |
|a Air pilots
|z United States
|x Language.
|
| 650 |
|
0 |
|a Air traffic controllers
|x Language.
|
| 650 |
|
0 |
|a Listening comprehension.
|
| 650 |
|
0 |
|a English language
|x Pronunciation.
|
| 650 |
|
0 |
|a Air pilots
|z United States
|x Psychology.
|
| 650 |
|
0 |
|a Aeronautics
|x Communication systems.
|
| 650 |
|
0 |
|a Aeronautics
|x Safety measures.
|
| 650 |
|
0 |
|a Aviation medicine
|z United States.
|
| 776 |
0 |
8 |
|i Print version:
|t U.S. airline transport pilot international flight language experiences, report 5
|w (OCoLC)697517746
|
| 700 |
1 |
|
|a Prinzo, O. Veronika.
|
| 710 |
1 |
|
|a United States.
|b Office of Aerospace Medicine.
|
| 856 |
4 |
0 |
|u https://purl.fdlp.gov/GPO/gpo5373
|t 0
|
| 999 |
|
|
|a MARS
|
| 999 |
f |
f |
|s d554fc42-a160-3eda-b88f-1b636fa917d3
|i 1cc9097b-e3ea-36af-9847-e5f05c6c8cad
|t 0
|
| 952 |
f |
f |
|a Texas A&M University
|b College Station
|c Electronic Resources
|d Available Online
|t 0
|e TD 4.210:10/18
|h Superintendent of Documents classification
|
| 998 |
f |
f |
|a TD 4.210:10/18
|t 0
|l Available Online
|